LEADER 01450nam2-2200409li-450 001 990000218130203316 005 20180312154903.0 010 $a3-540-17926-7 035 $a0021813 035 $aUSA010021813 035 $a(ALEPH)000021813USA01 035 $a0021813 100 $a20001109d1987----km-y0itay0103----ba 101 0 $aeng 102 $aGW 200 1 $aSymmetries and semiclassical features of nuclear dynamics$einvited lectures of the 1986 International Summer School$eheld at Poiana Brasov, Romania, September 1-13, 1986$fedited by A.A. Raduta 210 $aBerlin [etc.]$cSpringer-Verlag$dcopyr. 1987 215 $aVI, 465 p.$cill.$d24 cm 225 2 $aLecture notes in physics$v279 410 0$10010021736$12001$aLecture notes in physics 610 1 $acongressi$apoiana brasov$a1986 610 1 $asimmetria-congressi-1986 610 1 $asupersimmetria-congressi-1986 676 $a539725$9. 702 1$aRaduta,$bA.A. 710 1$aInternational summer school Poiana Brasov$b1986$0745803 801 $aSistema bibliotecario di Ateneo dell' Università di Salerno$gRICA 912 $a990000218130203316 951 $a530 LNP (279)$b0012082 959 $aBK 969 $aSCI 979 $c19901003 979 $c20001110$lUSA01$h1714 979 $c20020403$lUSA01$h1630 979 $aPATRY$b90$c20040406$lUSA01$h1616 996 $aSymmetries and semiclassical features of nuclear dynamics$91487758 997 $aUNISA LEADER 01439nas 2200469 c 450 001 9910892603803321 005 20260218112135.0 035 $a(DE-599)ZDB2602746-X 035 $a(OCoLC)1368474376 035 $a(DE-101)1010883739 035 $a(CKB)958480287314 035 $a(DE-599)2602746-X 035 $a(EXLCZ)99958480287314 100 $a20110405a20009999 |y | 101 0 $ager 135 $aur||||||||||| 181 $ctxt$2rdacontent 182 $cc$2rdamedia 183 $acr$2rdacarrier 200 00$aBa?nder, Bleche, Rohre$ebbr 210 31$aWielenbach$cEligius Publishing$d2000- 210 21$aGilching$cHenrich Publ. 215 $aOnline-Ressource 300 $aAktuelle Ausgaben erha?ltlich als Newsletter-Abonnent 300 $aErscheint sechsmal ja?hrlich, bis 2006 monatlich, 2007-2009 achtmal ja?hrlich, seit 2022 fu?nfmal ja?hrlich 300 $aGesehen am 03.04.2024 311 08$a0005-3848 531 $aBAENDER BLECHE ROHRE FACHZEITSCHRIFT FUER WALZWERKSTECHNIK BLECHBEARBEITUNG 531 0 $aBänder, Bleche, Rohre 606 $aMetal-work 606 $aMetal-work$2fast$3(OCoLC)fst01017786 608 $aZeitschrift$2gnd-content 615 0$aMetal-work. 615 7$aMetal-work. 676 $a670 801 0$b0464 801 1$bDE-101 801 2$b9999 906 $aJOURNAL 912 $a9910892603803321 996 $aBänder Bleche Rohre$94272312 997 $aUNINA